Kerala Talkies: (Record no. 201353)

MARC details
000 -LEADER
fixed length control field 00655nam a22001817a 4500
005 - DATE AND TIME OF LATEST TRANSACTION
control field 20240404155749.0
008 - FIXED-LENGTH DATA ELEMENTS--GENERAL INFORMATION
fixed length control field 090826t xxu||||| |||| 00| 0 eng d
010 ## - LCCN (DPL NO)
LC control number ENG-139623
020 ## - INTERNATIONAL STANDARD BOOK NUMBER
Terms of availability 300.00
035 ## - SYSTEM CONTROL NUMBER
System control number EN-123155
037 ## - SOURCE OF ACQUISITION
Source of stock number/acquisition DBAD/PUB
082 ## - DEWEY DECIMAL CLASSIFICATION NUMBER
Classification number 791.43733
245 ## - TITLE STATEMENT
Title Kerala Talkies:
Remainder of title Celebrating Malayalam Cinema @Kerala's Diamond Jubilee/
Statement of responsibility, etc Edited by A Chandrasekhar
260 ## - PUBLICATION, DISTRIBUTION, ETC. (IMPRINT)
Name of publisher, distributor, etc Chintha Publishers
Place of publication, distribution, etc Vivekanandha Nagar
270 ## - ADDRESS
Address Vivekanandha Nagar
City Thiruvananthapuram
Postal code 695035
300 ## - PHYSICAL DESCRIPTION
Extent 171p;
Dimensions 24cm(pbk)
942 ## - ADDED ENTRY ELEMENTS (KOHA)
Source of classification or shelving scheme Dewey Decimal Classification
Item type English Books
Classification part 791.43733
Call number suffix KER
Holdings
Withdrawn status Lost status Source of classification or shelving scheme Damaged status Not for loan Collection code Home library Current library Date acquired Source of acquisition Cost, normal purchase price Total Checkouts Full call number Barcode Date last seen Copy number Cost, replacement price Koha item type
    Dewey Decimal Classification     Non-fiction Bawana Bawana 11/03/2024 DBAD 300.00   791.43733 KER EN-123155 11/03/2024 1 300.00 English Books

© Delhi Public Library
Hit Counter
free hit counter